00699 2200253 4500001002100000005001700021008004100038020002200079035002500101040001200126082001000138090001600148100001100164245009900175250001100274260003500285300002500320500003000345650001200375850001200387990001500399990001600414990001500430YOGYA-0209000007265620150211120403.0 ind  a978-602-8055-08-6 a0010-020900000072656 aYOPDYOG a371.1 a371.1 Isj B aISJONI aBelajar demi hidupbMenjadikan pendidikan untuk masa depan yang lebih baikcpenulis, H. Isjoni aCet. 1 aJakartabPustaka Belajarc2008 axii,162 hlm.c21 cm. aBibliografi : hlm 149-158 aBelajar aYOPDYOG a08P0000397 a396-PD/P.08 a08P0000395